Waste sludge composition and potential use as a fertilizer - a review [abstract] /

Elmentve itt :
Bibliográfiai részletek
Szerzők: Ssemugenze Brian
Ocwa Akasairi
Tóth Brigitta
Nagy János
Testületi szerző: 20th Wellmann International Scientific Conference
Dokumentumtípus: Könyv része
Megjelent: Szegedi Tudományegyetem Mezőgazdasági Kar Hódmezővásárhely 2023
Sorozat:Wellmann International Scientific Conference 20
Kulcsszavak:Szennyvíztisztítás - iszapkezelés - előadáskivonat
Tárgyszavak:
Online Access:http://acta.bibl.u-szeged.hu/84153
LEADER 01087naa a2200253 i 4500
001 acta84153
005 20240319140937.0
008 240319s2023 hu o 1|| eng d
020 |a 978-963-306-924-0 
040 |a SZTE Egyetemi Kiadványok Repozitórium  |b hun 
041 |a eng 
100 1 |a Ssemugenze Brian 
245 1 0 |a Waste sludge composition and potential use as a fertilizer - a review   |h [elektronikus dokumentum] :  |b [abstract] /  |c  Ssemugenze Brian 
260 |a Szegedi Tudományegyetem Mezőgazdasági Kar  |b Hódmezővásárhely  |c 2023 
300 |a 34 
490 0 |a Wellmann International Scientific Conference  |v 20 
650 4 |a Mezőgazdaság-tudományok 
650 4 |a Mezőgazdaság, erdészet, halászat 
695 |a Szennyvíztisztítás - iszapkezelés - előadáskivonat 
700 0 1 |a Ocwa Akasairi  |e aut 
700 0 1 |a Tóth Brigitta  |e aut 
700 0 1 |a Nagy János  |e aut 
711 |a 20th Wellmann International Scientific Conference  |c Hódmezővásárhely  |d 2023. április 3. 
856 4 0 |u http://acta.bibl.u-szeged.hu/84153/1/wellmann_abstracts_2023_034.pdf  |z Dokumentum-elérés